[Event "Poikovsky Karpov 19th"]
[Site "Poikovsky"]
[Date "2018.06.05"]
[Round "9"]
[White "Bologan, Viktor"]
[Black "Sutovsky, Emil"]
[Result "1-0"]
[WhiteElo "2610"]
[BlackElo "2647"]
[Annotator "Marin,M"]
[PlyCount "67"]
[EventDate "2018.05.27"]
[EventType "tourn"]
[EventRounds "9"]
[EventCountry "RUS"]
[EventCategory "18"]
[SourceTitle "CBM 185"]
[Source "ChessBase"]
[SourceDate "2018.07.13"]
[SourceVersion "1"]
[SourceVersionDate "2018.07.13"]
[SourceQuality "1"]

1. e4 e5 2. Nf3 Nc6 3. Bc4 Nf6 4. d3 h6 5. O-O d6 6. c3 g5 $5 {An extravagant
move. Actually, in the lines with 3...Bc5 Black has also started playing ...
g7-g5 quite frequently.} ({4...h6 is usually meant to prevent Ng5 in order to
get the time for} 6... g6 {followed by ...Bg7 but in this game Black decided
the h-pawn should sustain the kingside expansion.}) 7. d4 {A principled move,
trying to take advantage of Black's delayed development. White has two main
alternatives:} (7. Re1 Bg7 8. d4 Bg4 (8... g4 $5 9. dxe5 Nd7 $1 10. Nd4 Ndxe5
$13 {with nice control on the dark squares.}) ({Even} 8... O-O {is possible:}
9. dxe5 dxe5 10. Qxd8 Rxd8 11. Nbd2 Ne8 {Hurrying to increase the control over
f5.} 12. Nf1 Nd6 13. Bb3 Na5 14. Bc2 Be6 $13) 9. Bb5 Nd7 10. d5 Ne7 11. h3 Bxf3
12. Bxd7+ Qxd7 13. Qxf3 Ng6 {Had White had better development, he would have
been entitled to claim an advatage due to the weakness on f5. But the way it
was, in the game Black soon obtained a strng attack.} 14. Nd2 h5 15. Nf1 g4 16.
hxg4 hxg4 17. Qf5 Qxf5 18. exf5 Ne7 19. Ne3 Rh5 20. f6 Bxf6 21. Nxg4 Bg7 $17 {
Huschenbeth,N (2549)-Grandelius,N (2646) Batumi 2018 (0-1, 31)}) (7. Nbd2 Bg7
8. Bb3 O-O 9. Nc4 Be6 10. Re1 Re8 11. h4 {Gelfand,B (2690)-Bareev,E (2670)
Munich 1993 CBM 036 [Gelfand,B] (1-0, 31)}) 7... g4 ({The thematic reaction,
but even if White did not waste a tempo on neutral moves, Black can think of
maintaining the tension:} 7... Bg7 8. dxe5 dxe5 9. Qxd8+ Nxd8 10. Nxe5 Nxe4 11.
Re1 Bxe5 12. Rxe4 f6 13. f4 Bf5 14. Re1 gxf4 15. Bxf4 Nc6 {and Black's central
activity may compensate for the pawn weaknesses.}) 8. Nfd2 {White has a choice
about which central pawn to keep defended.} ({The alternative is} 8. Ne1 Bg7 (
8... exd4 9. cxd4 Nxe4 10. Nc3 Nxc3 11. bxc3 {offers White a strong initiative
for the pawn.} h5 12. Nd3 Qf6 13. Bb5 Bd7 14. Re1+ Kd8 {Rabiega,R (2498)
-Rapport,R (2729) Germany 2016 (1-0, 39)} 15. d5 Ne5 16. Bxd7 Nxd7 17. Qb3 $36)
({If Black is seduced by the e4-pawn he should take it at once with} 8... Nxe4
$5 {as this keeps the king better defended.}) 9. d5 Ne7 10. Bd3 Ng6 11. c4 h5
12. Nc3 Kf8 13. g3 Bh6 14. Be2 Kg7 15. Ng2 Bd7 16. Ne3 Qc8 17. Bd2 Rh7 18. Re1
h4 {Dolmatov,S (2515)-Vasiukov,E (2510) Moscow 1987 (1-0, 49) with interesting
play for both sides.}) 8... Bg7 ({Pawn grabbing was tested in a top level
blitz game. The refutation is not obvious and in the game Black did well out
of the opening:} 8... exd4 9. cxd4 Nxd4 10. Re1 Bg7 11. Nf1 Nc6 12. Nc3 Ne5 13.
Bb3 O-O 14. Ng3 Re8 15. Bf4 Nh7 16. Qd2 Ng5 $13 {Karjakin,S (2782)-Mamedyarov,
S (2808) Leuven (blitz) 0, 72)}) 9. f4 $5 $146 {A very resolute move, typical
of Bologan.} (9. Bb5 Bd7 10. d5 Ne7 11. c4 c6 12. dxc6 bxc6 13. Ba4 $13 {
Tischbierek,R (2434)-Schreiner,P (2480) Germany 2018 (1-0, 44)}) 9... exd4 {
A principled but risky move.} (9... gxf3 {makes little sense as it offers
White play along the f-file.} 10. Nxf3 $14 Nxe4 11. Nxe5 $5 (11. Bxf7+ Kxf7 12.
Ng5+ Kg6 13. Nxe4 $14) 11... Nxe5 (11... dxe5 12. Rxf7 $40) 12. dxe5 O-O $14) (
9... O-O 10. fxe5 dxe5 11. d5 Ne7 12. Be2 c6 13. c4 $14 {offers White a small
positional plus.}) 10. cxd4 Nxe4 {This typical dissolution of the centre will
run into White's strong reply on move 12.} ({But} 10... Nxd4 {is not without
risks either:} 11. e5 Nh5 12. Ne4 dxe5 13. fxe5 Bf5 14. Be3 Bxe5 15. Nbc3 O-O
16. Bd5 {and Black starts losing stability while his king is exposed.}) 11.
Nxe4 d5 12. f5 $1 {Possibly not noticed by Sutovsky in advance. The threat
f5-f6 is very unpleasant.} dxe4 (12... Bxd4+ 13. Kh1 dxe4 14. Qxg4 $16 {
With his move order, Black keeps ...Qxd4+ in reserve.}) 13. d5 (13. Qxg4 $2
Qxd4+ {No matter what he will do, White will not have the time to take on g7
as one of his pieces will be hanging:} 14. Rf2 (14. Kh1 Qxc4 {[%csl Gf1]})
14... Qxc4 15. Na3 Qd4 16. Nb5 e3 $5 17. Nxd4 exf2+ 18. Kxf2 Bxd4+ {with
material advantage to Black.}) 13... Ne5 14. Nc3 Qh4 $2 {This over optimistic
move with the board on fire and the king in the centre is the decisive mistake.
} (14... Nxc4 $6 15. Qa4+ Bd7 16. Qxc4 $16 {does not spare Black immediate
troubles either:} O-O 17. f6 $1 Bxf6 18. Nxe4 Bg7 19. Bxh6 Bxh6 20. Nf6+ Kg7 (
20... Kh8 21. Qe4) 21. Qd4 $18) (14... O-O $5 {was safest, although after} 15.
Be2 $14 {planning Nxe4 Black still is under big pressure.}) 15. Nxe4 {[%cal
Gf5f6] Good enough, but not the only move.} (15. f6 $1 Bxf6 (15... Bf8 16. Bf4
$18) 16. g3 Qh3 17. Rxf6 Nf3+ 18. Rxf3 gxf3 19. Bf1 $18) 15... g3 {There
hardly was anything better, but the last move leads to the queen being trapped.
} 16. hxg3 $1 Qxe4 17. Rf4 {The trap is closed now.} Qxf5 18. Rxf5 Bxf5 19.
Qa4+ Bd7 20. Bb5 $16 {White has a material advantage and the initiative.} c6 (
20... O-O-O 21. Bxd7+ Rxd7 22. Qxa7 $18) 21. dxc6 bxc6 22. Be2 {After
weakening Black's queenside White should win without any special problems.} O-O
23. Bd2 c5 24. Qe4 Rae8 25. Bc3 Nc6 26. Qd5 Nd4 (26... Rxe2 27. Qxd7 Nd4 28.
Qxa7 $18) 27. Bf1 Be6 28. Qxc5 Rc8 29. Qxa7 Ra8 30. Qb7 Rfb8 31. Qe4 Ra4 32.
Rd1 Bf5 33. Qd5 Be6 34. Qd6 {Black created a series of one move threats
resulting in pawn losses and spoiled coordination.} 1-0

[Event "Andorra op 26th"]
[Site "La Massana"]
[Date "2008.07.22"]
[Round "4"]
[White "Zambrana, Oswaldo"]
[Black "Marin, Mihail"]
[Result "1-0"]
[WhiteElo "2458"]
[BlackElo "2553"]
[Annotator "Marin,M"]
[PlyCount "61"]
[EventDate "2008.07.19"]
[EventType "swiss"]
[EventRounds "9"]
[EventCountry "AND"]
[SourceTitle "CBM 125"]
[Source "ChessBase"]
[SourceDate "2008.07.30"]
[SourceVersion "1"]
[SourceVersionDate "2008.07.30"]
[SourceQuality "1"]

1. e4 e5 2. Nf3 Nc6 3. Bc4 Nf6 4. d3 h6 5. O-O d6 6. Re1 ({Zambrana had only
faced this variation in one published game before. It was the passive way he
treated the position that inspired me to choose this variation.} 6. c3 g6 7.
Re1 Bg7 8. Nbd2 O-O 9. Bb3 a6 ({In fact, I was tempted to follow Malaniuk's
plan:} 9... Qe7 10. Nf1 Nd8 11. Ng3 Ne6 12. h3 Nh7 13. d4 Nhg5 14. Nxg5 hxg5
15. Bxe6 Bxe6 16. Qd2 g4 17. d5 Bd7 18. hxg4 Bxg4 19. Qg5 Qxg5 20. Bxg5 Bd7 21.
c4 f6 22. Bd2 a5 23. f3 Kf7 24. Rac1 b6 25. b3 Rh8 26. Kf2 f5 $15 {Dreev,A 
(2590)-Malaniuk,V (2540)/Moscow 1992/CBM 033 (0-1, 44)}) 10. h3 d5 11. a4 b6
12. exd5 Nxd5 13. Nc4 Re8 $11 {Zambrana,O (2429)-Delchev,A (2637)/Balaguer
2006/CBM 113 ext (0-1, 55)}) 6... g6 {For decades, this has been cosnidered to
be an interesting way to avoid the symmetrical positions of the Giuoco
Pianissimo, in order to get chances for counterplay with Black.} 7. d4 Qe7 (
7... Bg4 {Barua,D (2494)-Vladimirov,E (2612)/Calcutta 2001/CBM 082/[Lukacs] 
(1-0, 66)}) (7... Bd7 $5 {, recommended by Lukacs, has never been tried, but
deserves serious attention, especially after the outcome of our main game...})
8. Nc3 $1 {A dangerous move, but not the most popular in this position.} ({
The slow approach fails to bother Black:} 8. c3 Bg7 9. Nbd2 O-O 10. h3 Bd7 11.
Nf1 (11. a4 a6 12. a5 Rae8 13. Bf1 Qd8 (13... Nh5 $5) 14. Qb3 Qc8 (14... Bc8
15. dxe5 $5 {ץc8}) 15. d5 (15. dxe5 Nxe5 16. Nxe5 Rxe5 {/\Bc6}) 15... Ne7 16.
c4 Nh5 17. Qe3 Qb8 18. b4 c6 $13 {Nevednichy,V (2566)-Marin,M (2530)/Tusnad
2005/CBM 106 ext (1/2-1/2, 41)}) 11... Rae8 12. Ng3 {Both sides have completed
their first phase of mobilisation and now time has come for Black to find a
useful move.} a6 {is more useful for the time being.} (12... Kh8 $6 13. b4 a6
14. a4 $1 {Only this move can question Black's king retreat to the corner.} (
14. Rb1 $6 Qd8 15. Qb3 Kg8 16. a4 Bc8 17. Bd2 Nh7 18. Be3 h5 $132 {/\h4, ><e4
Poluljahov,A (2566)-Malaniuk,V (2552)/Novgorod 1999/CBM 069 ext (0-1, 61)})
14... exd4 15. cxd4 Nxb4 16. e5 Nfd5 17. Qb3 Be6 18. a5 dxe5 19. Ba3 (19. dxe5
Rb8 $5) 19... c5 (19... exd4 $5 20. Bxd5 Bxd5 21. Qa4 $1 Qd8 22. Bxb4 Rg8 23.
Bc5) 20. dxc5 $1 $16) 13. Bb3 (13. b4 {is inoffensive now because of} Qd8 14.
a4 exd4 $1) 13... Kh8 14. Bc2 Qd8 15. Be3 Ng8 16. Qd2 Qc8 17. Rad1 Rd8 18. Nh2
Nce7 19. Qe2 Rde8 20. dxe5 (20. h4 exd4 21. cxd4 f5 $132) 20... dxe5 21. h4 Be6
22. h5 Rd8 23. Bb3 Kh7 24. Qc2 b6 25. Bxe6 Qxe6 26. Qb3 Qxb3 27. axb3 a5 28.
Nf3 Nc6 29. Kf1 Nf6 30. Ke2 Ng4 31. Bc1 Rxd1 32. Rxd1 Rd8 33. Rh1 Rd7 34. Rh4
Nf6 35. hxg6+ $6 fxg6 36. Ng5+ Kg8 37. Ne6 h5 $15 {Bologan,V (2585)-Malaniuk,V
(2550)/Calimanesti 1992/EXT 98 (1/2-1/2, 54)}) 8... Bg7 9. Nd5 Qd8 10. dxe5
dxe5 (10... Nxe5 {may be the lesser evil, but still is unpleasant for Black.}
11. Nxe5 dxe5 12. Qf3 {this may be too slow.} (12. Bd2 $1 Nxd5 13. Bxd5 O-O 14.
Bb4 Re8 15. Re3 $1 c6 16. Bb3 $14 {Svidler}) 12... Nxd5 13. Bxd5 O-O 14. a4 c6
15. Bc4 Qc7 16. b3 Re8 17. Ba3 Be6 18. Bxe6 Rxe6 19. Red1 Bf8 20. Bxf8 Kxf8 21.
Rd3 Rd6 22. Rxd6 Qxd6 23. Rd1 Qe7 24. Qe3 h5 25. g3 Ke8 26. Rd3 a6 27. Qb6 Rc8
28. Kf1 Qc7 29. Qc5 Qe7 {1/2-1/2 Sermek,D (2545)-Malaniuk,V (2525)/Pula 1999/
EXT 2000}) 11. b3 $1 $146 (11. b4 $6 {unnecessarily creates a weakness on b4
and obstructs the a3-f8 diagonal. The threat b5 is not so terrible for Black.}
O-O 12. Bb2 Bg4 13. h3 Bxf3 14. Qxf3 Nxd5 15. exd5 Nd4 16. Qd3 Qd6 $13 17. f4
$6 Qxb4 18. Rab1 e4 19. Rxe4 Nf5 $36 {Kogan,A (2370)-Svidler,P (2465)/Oakham
1992/CBM 030 (0-1, 35)}) 11... O-O 12. Bb2 (12. Ba3 Re8 {was given as = by
Svidler and probably correctly. For the time being, the bishop is better
placed on the long diagonal, preventing Black from freeing himself. After the
game, my oponent showed me an interesting tactical possibility, which, however,
seems to lead to just unclear play:} 13. Ne7+ Nxe7 14. Qxd8 Rxd8 15. Nxe5 (15.
Bxe7 Re8 16. Bb4 Bf8 17. Bc3 Bd6) 15... Bf8 (15... Nc6 16. Bxf7+ Kh8 17. Nxc6 (
17. Nxg6+ Kh7) 17... bxc6 18. Bxg6) 16. Nxf7 Rd2 17. Nd6+ Kh7 (17... Kg7 18. e5
$44 Nh5 $6 19. Ne8+ Kh7 20. Nxc7 Rb8 21. Rad1 $36) 18. Nxc8 {[%csl Gf8]} (18.
e5 Nf5 $1 {[%csl Ga3]}) 18... Rxc8 19. Bd3 Nc6 20. Bc1 Rxd3 21. cxd3 $13) 12...
Re8 {/\...Bg4} (12... Bg4 $6 13. h3 Bxf3 14. Qxf3 Nd4 15. Bxd4 exd4 16. Nf4 $16
) 13. h3 Nh7 {I found no other way to fight for the central squares, because
my e5-pawn is under serious pressure. However, with the centre open, the
knight manoeuvre loses time and allows White increase his lead in development.}
14. Qd2 Ng5 15. Nxg5 hxg5 16. Ba3 $1 {/\17.Ne7+ Nxe7 18.Qxd8 Rxd8 19.Bxe7, 20.
Bxg5} (16. Rad1 {was another possible move order:} Nd4 17. c3 Ne6 18. Ba3 $14)
16... Be6 $2 (16... g4 $2 17. Rad1 {[%cal Gd5e7]} Qh4 18. hxg4 Bxg4 19. f3 $16)
({Black's best chance for survival was} 16... Bf8 $5 {although he would be far
from equality:} 17. Bxf8 Rxf8 18. Rad1 Nd4 19. c3 Ne6 20. Qc1 c6 21. Nf4 Qe7
22. Nxe6 Bxe6 23. Bxe6 fxe6 24. Qe3 a6 25. Qg3 Rf4 26. Rd3 Rd8 (26... Raf8 27.
Re2) 27. Red1 Rxd3 28. Qxd3 $14 {/+/-. Quite an unpleasant ending for Black.})
17. Rad1 $16 Nd4 (17... Bf8 18. Bxf8 Rxf8 19. Qc1 $16) 18. c3 Bxd5 $2 (18... c6
19. cxd4 cxd5 20. Bb5 Bd7 21. Bxd7 Qxd7 22. dxe5 $16) 19. exd5 $1 ({I
entertained myself calculating the following nice, but unnecessary variation:} 
19. Bxd5 $2 c6 (19... Nb5 20. Qc1 $16) 20. cxd4 cxd5 21. exd5 Qxd5 22. dxe5 (
22. Qxg5 Qa5) 22... Qxd2 23. Rxd2 Rxe5 (23... Bxe5 24. Rde2 f6 25. Bd6 Re6 26.
Bxe5 Rae8 27. Kh2 $16) 24. Rxe5 Bxe5 25. Rd7 Rc8 26. Rxb7 Rc2 27. Rxa7 Rxa2 28.
Bc5 Rb2 $1 $11) 19... Nf5 20. Bb5 $18 {I completely missed this simple move.
Black has a hard time finding a way to lose ONLY an exchange and keep all his
pawns.} Re7 21. Bxe7 ({In fact,} 21. Qxg5 {is also possible:} Rd7 22. Qg4 $1
Rxd5 23. Bc4 Rxd1 24. Rxd1 Nd6 25. Bxd6 cxd6 26. Qxg6 $18) 21... Qxe7 22. Bd3
Nd6 23. c4 b6 24. b4 Rd8 25. Qc2 Nb7 26. Qa4 a5 27. a3 Rb8 28. Qb5 Bf8 29. Rb1
Qd6 $2 ({I had in mind a "trap" like} 29... axb4 30. axb4 Qd6 31. c5 bxc5 32.
bxc5 Nxc5 33. Qxb8 Nxd3 {, when Black could play for a while. By refraining
from the exchange on b4, I made my opponent's task even easier.}) 30. c5 $1
bxc5 (30... Qxd5 31. Bc4 (31. Be4 Qe6 32. Bxb7 Rxb7 33. c6 Ra7 34. Rxe5 $18)
31... Qd4 (31... Qd8 32. Qc6 $18) 32. Rbd1 Qf4 33. Rd7 $18) 31. bxa5 1-0

[Event "Dortmund SuperGM 34th"]
[Site "Dortmund"]
[Date "2006.08.05"]
[Round "6"]
[White "Adams, Michael"]
[Black "Naiditsch, Arkadij"]
[Result "1/2-1/2"]
[WhiteElo "2732"]
[BlackElo "2664"]
[Annotator "Marin,M"]
[PlyCount "63"]
[EventDate "2006.07.29"]
[EventType "tourn"]
[EventRounds "7"]
[EventCountry "GER"]
[EventCategory "19"]
[SourceTitle "CBM 114"]
[Source "ChessBase"]
[SourceDate "2006.10.02"]
[SourceVersion "1"]
[SourceVersionDate "2006.10.02"]
[SourceQuality "1"]

1. e4 e5 2. Nf3 Nc6 3. Bc4 Nf6 4. d3 Be7 5. O-O O-O 6. Re1 d6 7. a4 {This
slightly extravagant move is the introduction to one of White's main plans of
this line of the Italian Game. At first glance, it might seem that White
defends against an illusory threat (that of the advance of the enemy b-pawn)
and in doing so just weakens the b4-square. However, the whole plan is much
deeper than that, anticipating the long term evolution of the position. By
over-defending the e5-pawn, Black threatened to exchange the active white
bishop by means of ...Na5. One simple solution in the spirit of the d3-lines
of the Ruy Lopez would be to play 7.c3 and retreat the bishop to c2 (via b5-a4,
if attacked). However, this would not prevent in any way the black queen side
expansion. The text move not only aims to maintain the bishop on an active
diagonal, but also prepares in advance for some sort of total blockade on
light squares on the queen side.} Na5 8. Ba2 c5 {The point is that Black
hardly has another possibility of freeing his play than this typical manoeuvre.
} 9. Nc3 {The most direct attempt to take advantage of the relative weakness
of the d5-square.} ({After} 9. Nbd2 {the knight needs considerably more time
to get to d5. At the same time, the plan of opening the centre by means of c3
and d4 is not optimal, once the b4-square has been weakened.} Nc6 10. c3 Be6
11. Nc4 h6 12. h3 Re8 13. d4 $6 (13. Bd2 $11) 13... exd4 14. cxd4 d5 $1 15.
exd5 Bxd5 16. dxc5 Bxc5 17. Rxe8+ Qxe8 18. Be3 Qe7 19. Bxc5 Qxc5 20. Ne3 Bxa2
21. Rxa2 Rd8 22. Qb1 Nd4 $15 {Black's pieces dominate the centre. 1/2-1/2
Garcia Fernandez,C (2358)-Delchev,A (2602)/La Roda 2004/CBM 099 ext (63)}) 9...
Nc6 10. Nd5 {Once again the most straightforward continuation.} (10. h3 Be6 11.
Bg5 Ne8 12. Be3 Bxa2 13. Rxa2 Nc7 14. Ra1 d5 $11 {Once Black has carried out
this thematical break, his spatial advantage compensates for the slight
weaknes of the light squares.} 15. exd5 Nxd5 16. Bd2 f6 17. Nxd5 Qxd5 18. Bc3
Rac8 19. Nd2 Bd6 {A questionable decision. It is not very clear that the
bishop stands better on c7.} (19... b6 $5) 20. Nc4 Bc7 21. Ne3 Qf7 22. Qf3 Rfd8
23. Qe4 Rd7 24. Qc4 $6 (24. a5 $5 {[%csl Yc6] With the bishop on c7, the
knight is hanging in view of the threat a6.}) 24... Qxc4 25. Nxc4 (25. dxc4 $5
{[%csl Yd5][%cal Rg2g4]}) 25... Kf7 $15 {0-1 Felgaer,R (2509)-Nikolic,P (2661)/
Bled 2002/EXT 2003 (54) After the exchange of queens, the weakness of the
light squares loses most of its significance, leaving Black with a comfortable
advantage of space.}) 10... Nxd5 11. Bxd5 $146 {A logical novelty. White does
not need to close his bishop by capturing with the pawn.} (11. exd5 Nd4 12. c3
Nxf3+ 13. Qxf3 $11 {0-1 Cornette,M (2357)-Boudre,J (2339)/Cannes 2005/CBM 105
ext (40)}) 11... Be6 12. c3 {For the time being neither side is interested in
releasing the tension in the centre. The capture on e6 would strengthen
Black's control over the light squares while ...Bxd5 would leave the knight
without favourable squares for retreat after exd5. Therefore both players
calmly continue their development.} Qd7 13. Be3 Bxd5 $6 {But now Black loses
his temper.} ({Before exchanging on d5, he should have cleared the e7-square
for his knight with} 13... Bf6 {. White can try to continue inhibiting the
exchange with} 14. Nd2 {but then} Ne7 {seems to offer Black entirely adequate
play.} (14... Bxd5 $6 15. exd5 Ne7 16. Qf3 {followed by Ne4 looks disturbing
for Black.})) 14. exd5 Nd8 {Not a nice square for the knight.} 15. Qb3 Kh8 16.
Qb5 Qf5 ({Of course, after} 16... Qxb5 $6 17. axb5 {White would increase his
control over the light squares and get the a-file for his rooks, too.}) 17. Nd2
f6 18. d4 {Consequently played. Play on light squares frequently needs
complementary moves on dark squares. White opens the position in order to get
the fruits of his superior strategy so far.} a6 {Black does not enjoy too much
space and the queen's presence on b5 certainly agravates this problem, but
this last move weakens the b6-square in chronic way and offers White
additional ideas of increasing his activity.} 19. Qb3 cxd4 20. cxd4 (20. Bxd4
$5 {followed by Bb6, a5 and eventually c4-c5 is a serious alternative.}) 20...
Rb8 21. Rac1 Qd7 22. Nc4 Nf7 23. Nb6 Qe8 {White has reached a maximum of
activity but now starts playing less energetically.} 24. f3 {Adams was
obviously concerned about the possible advance of the black e-pawn, when his
double pawns would lose any dynamism.} ({However,} 24. dxe5 dxe5 25. Rc2 {
looks like a simpler way to maintain the initiative. In spite of the fact that
Black gets the d6-square for his minor pieces, the d-pawn can cause him lots
of trouble, notto speak about the impossibility to fight for the control of
the only open file.}) 24... f5 25. Qc2 ({Again} 25. dxe5 dxe5 26. Rc2 {looks
preferable.}) 25... Bh4 26. Re2 f4 27. Bd2 (27. Bxf4 Qd8 $1) 27... Bd8 28. Nc4
b5 $132 {White has retreated completely and has lost all his advantage.} 29.
axb5 axb5 30. Na5 Bxa5 31. Bxa5 Qd7 32. Qc7 1/2-1/2